[Event "Olimpiada de Khanty-Mansiysk 2010"]
[Site "Khanty-Mansiysk RUS"]
[Date "2010.09.24"]
[Round "4"]
[White "Barrientos, Sergio E"]
[Black "Podolchenko, Evgeniy"]
[Result "1-0"]
[WhiteElo "2464"]
[BlackElo "2506"]
[PlyCount "109"]
[EventDate "2010.09.21"]
[EventType "team"]
[EventRounds "11"]
[EventCountry "RUS"]
[Source "lmi"]
[SourceDate "2010.09.21"]
[WhiteTeam "Colombia"]
[BlackTeam "Bielorusia"]
[WhiteTeamCountry "COL"]
[BlackTeamCountry "BLR"]

1. e4 e6 2. d4 d5 3. Nc3 Nf6 4. Bg5 Bb4 5. e5 h6 6. Bd2 Bxc3 7. bxc3 Ne4 8. Qg4
Kf8 9. Bd3 Nxd2 10. Kxd2 c5 11. Nf3 Nc6 12. dxc5 Qa5 13. Qf4 Qxc5 14. Nd4 Nxd4
15. Qxd4 Qxd4 16. cxd4 Ke7 17. Rhb1 Rd8 18. a4 Rd7 19. Ra3 Rc7 20. Rab3 a6 21.
a5 Ra7 22. f4 Bd7 23. Rb6 Bc6 24. g4 Ra8 25. f5 Rac8 26. c3 Rh8 27. h4 Rg8 28.
Rg1 Rh8 29. Rf1 Rg8 30. Be2 Rh8 31. Rg1 Rcc8 32. Bf3 Rc7 33. h5 Rf8 34. c4 dxc4
35. Bxc6 bxc6 36. Rc1 Rd8 37. Rxc4 Rd5 38. fxe6 fxe6 39. Rxa6 Rcd7 40. Kc3 c5
41. dxc5 Rxe5 42. Rb6 Re3+ 43. Kb4 Rd1 44. a6 Ra1 45. Kb5 Rea3 46. Rb7+ Kf6 47.
Ra7 Ke5 48. Rb4 Kd5 49. c6 e5 50. Kb6 e4 51. c7 Rc3 52. Ra8 Rac1 53. Rd8+ Ke5
54. a7 Rc6+ 55. Ka5 1-0

[Event "Olimpiada de Khanty-Mansiysk 2010"]
[Site "Khanty-Mansiysk RUS"]
[Date "2010.09.24"]
[Round "4"]
[White "Stupak, Kirill"]
[Black "Arenas, David"]
[Result "1/2-1/2"]
[WhiteElo "2502"]
[BlackElo "2457"]
[PlyCount "142"]
[EventDate "2010.09.21"]
[EventType "team"]
[EventRounds "11"]
[EventCountry "RUS"]
[Source "lmi"]
[SourceDate "2010.09.21"]
[WhiteTeam "Bielorusia"]
[BlackTeam "Colombia"]
[WhiteTeamCountry "BLR"]
[BlackTeamCountry "COL"]

1. d4 g6 2. g3 Bg7 3. Bg2 d6 4. e4 c5 5. d5 b5 6. c4 a6 7. a4 bxa4 8. Qxa4+ Nd7
9. Ne2 Rb8 10. Ra2 Ngf6 11. Bd2 O-O 12. Ba5 Nb6 13. Qc2 e6 14. dxe6 fxe6 15.
O-O Ng4 16. Nd2 Ne5 17. b4 Nc6 18. bxc5 dxc5 19. Nb3 Qe7 20. Nf4 Ne5 21. Nd3
Nbxc4 22. Nxe5 Nxe5 23. Nxc5 Nc6 24. Bd2 Nb4 25. Bxb4 Rxb4 26. e5 Rb5 27. Nd3
Bxe5 28. Bc6 Bd4 29. Ra4 e5 30. Bxb5 axb5 31. Qb3+ Kh8 32. Qxb5 Bh3 33. Rxd4
exd4 34. Re1 Qf6 35. Qe5 Qxe5 36. Nxe5 Kg7 37. f3 Rd8 38. Kf2 Bf5 39. Ra1 d3
40. Ke3 g5 41. Kd2 Kf6 42. Nc4 Bg6 43. Ra6+ Kg7 44. Ne5 Rd5 45. Ra7+ Kf6 46.
Nd7+ Kf5 47. Nf8 g4 48. f4 Ke4 49. Nd7 Rb5 50. Ra2 Bf5 51. Ne5 Rb4 52. Kc3 Be6
53. Kxb4 Bxa2 54. Kc3 h5 55. Nxd3 Kf3 56. f5 Kg2 57. Nc1 Bf7 58. Kd4 Kxh2 59.
Ne2 Kh3 60. Ke5 h4 61. Kf4 hxg3 62. Nxg3 Kh4 63. f6 Ba2 64. Ne4 Kh5 65. Kf5 Kh6
66. Ng5 g3 67. Ne6 Bxe6+ 68. Kxe6 g2 69. f7 g1=Q 70. f8=Q+ Qg7 71. Qxg7+ Kxg7
1/2-1/2

[Event "Olimpiada de Khanty-Mansiysk 2010"]
[Site "Khanty-Mansiysk RUS"]
[Date "2010.09.24"]
[Round "4"]
[White "Kopylov, Alexander A"]
[Black "Ftacnik, Lubomir"]
[Result "1/2-1/2"]
[WhiteElo "2438"]
[BlackElo "2568"]
[PlyCount "57"]
[EventDate "2010.09.21"]
[EventType "team"]
[EventRounds "11"]
[EventCountry "RUS"]
[Source "lmi"]
[SourceDate "2010.09.21"]
[WhiteTeam "RU5"]
[BlackTeam "Eslovaquia"]
[BlackTeamCountry "SVK"]

1. Nf3 Nf6 2. c4 c5 3. Nc3 e6 4. g3 b6 5. Bg2 Bb7 6. O-O Be7 7. d4 cxd4 8. Qxd4
d6 9. Rd1 a6 10. b3 Nbd7 11. e4 Qb8 12. Ba3 Nc5 13. e5 dxe5 14. Qxe5 Ncd7 15.
Qxb8+ Rxb8 16. Bb2 O-O 17. Nd4 Rfc8 18. Rac1 g6 19. Nc2 Bxg2 20. Kxg2 b5 21.
cxb5 axb5 22. Nd4 b4 23. Na4 Rxc1 24. Rxc1 Ra8 25. Rc7 Bd6 26. Rc6 Bf8 27. Rc7
Bd6 28. Rc6 Bf8 29. Rc7 1/2-1/2

[Event "Olimpiada de Khanty-Mansiysk 2010"]
[Site "Khanty-Mansiysk RUS"]
[Date "2010.09.24"]
[Round "4"]
[White "Markos, Jan"]
[Black "Savitskiy, Sergey"]
[Result "1-0"]
[WhiteElo "2566"]
[BlackElo "2373"]
[PlyCount "105"]
[EventDate "2010.09.21"]
[EventType "team"]
[EventRounds "11"]
[EventCountry "RUS"]
[Source "lmi"]
[SourceDate "2010.09.21"]
[WhiteTeam "Eslovaquia"]
[BlackTeam "RU5"]
[WhiteTeamCountry "SVK"]

1. d4 d5 2. c4 c6 3. Nc3 Nf6 4. e3 g6 5. Nf3 Bg7 6. Be2 O-O 7. O-O e6 8. Qc2
Nbd7 9. Rd1 b6 10. e4 Nxe4 11. Nxe4 dxe4 12. Qxe4 Bb7 13. Bf4 Re8 14. Ne5 Qc8
15. c5 Nf6 16. Qf3 Nd5 17. Nc4 Ba6 18. Bd6 Bxc4 19. Bxc4 Bf8 20. Be5 Bg7 21.
Re1 Qb7 22. cxb6 Qxb6 23. b3 f6 24. Bd6 Qxd4 25. Rad1 Qb6 26. b4 a5 27. bxa5
Qxa5 28. h4 Rad8 29. Bg3 h5 30. Bb3 e5 31. Re4 Re7 32. Rc4 Kh7 33. Rxc6 e4 34.
Qe2 Nc3 35. Qe1 Rxd1 36. Bxd1 f5 37. Bb3 e3 38. fxe3 Qa7 39. Rxc3 Bxc3 40. Qxc3
Rxe3 41. Qc7+ Qxc7 42. Bxc7 Kg7 43. Bf4 Re4 44. g3 Kf8 45. Kf2 Ke8 46. Bd5 Rd4
47. Bc6+ Ke7 48. a4 Rd1 49. Ke3 Ke6 50. Be8 Kf6 51. Bg5+ Kg7 52. Bb5 Rd5 53.
Bc4 1-0

[Event "Olimpiada de Khanty-Mansiysk 2010"]
[Site "Khanty-Mansiysk RUS"]
[Date "2010.09.24"]
[Round "4"]
[White "Adams, Michael"]
[Black "Esen, Baris"]
[Result "1/2-1/2"]
[WhiteElo "2728"]
[BlackElo "2538"]
[PlyCount "47"]
[EventDate "2010.09.21"]
[EventType "team"]
[EventRounds "11"]
[EventCountry "RUS"]
[Source "lmi"]
[SourceDate "2010.09.21"]
[WhiteTeam "Inglaterra"]
[BlackTeam "Turquía"]
[WhiteTeamCountry "ENG"]
[BlackTeamCountry "TUR"]

1. e4 c5 2. Nf3 d6 3. d4 cxd4 4. Nxd4 Nf6 5. Nc3 a6 6. Be3 e5 7. Nf3 Qc7 8. a4
Be7 9. Be2 O-O 10. O-O Be6 11. Ng5 Bd7 12. a5 h6 13. Nf3 Be6 14. Nd5 Nxd5 15.
exd5 Bg4 16. Nd2 Bxe2 17. Qxe2 Nd7 18. Nc4 f5 19. Ra3 Bf6 20. Nb6 Nxb6 21. Bxb6
Qf7 22. c4 e4 23. b4 Rae8 24. Re3 1/2-1/2

[Event "Olimpiada de Khanty-Mansiysk 2010"]
[Site "Khanty-Mansiysk RUS"]
[Date "2010.09.24"]
[Round "4"]
[White "Erdogdu, Mert"]
[Black "Howell, David W L"]
[Result "0-1"]
[WhiteElo "2428"]
[BlackElo "2616"]
[PlyCount "32"]
[EventDate "2010.09.21"]
[EventType "team"]
[EventRounds "11"]
[EventCountry "RUS"]
[Source "lmi"]
[SourceDate "2010.09.21"]
[WhiteTeam "Turquía"]
[BlackTeam "Inglaterra"]
[WhiteTeamCountry "TUR"]
[BlackTeamCountry "ENG"]

1. e4 e5 2. Nf3 Nc6 3. Bc4 Bc5 4. c3 Nf6 5. d3 a6 6. O-O Ba7 7. Re1 d6 8. Bb3
O-O 9. h3 Ne7 10. Nh4 Ng6 11. Bg5 Kh8 12. Nf5 h6 13. Be3 c5 14. Qf3 d5 15. exd5
Bxf5 16. Qxf5 Nh4 0-1

[Event "Olimpiada de Khanty-Mansiysk 2010"]
[Site "Khanty-Mansiysk RUS"]
[Date "2010.09.24"]
[Round "4"]
[White "Tkachiev, Vladislav"]
[Black "Kovacevic, Aleksandar"]
[Result "1-0"]
[WhiteElo "2632"]
[BlackElo "2582"]
[PlyCount "125"]
[EventDate "2010.09.21"]
[EventType "team"]
[EventRounds "11"]
[EventCountry "RUS"]
[Source "lmi"]
[SourceDate "2010.09.21"]
[WhiteTeam "Francia"]
[BlackTeam "SRB"]
[WhiteTeamCountry "FRA"]

1. Nf3 c5 2. c4 Nc6 3. d4 cxd4 4. Nxd4 g6 5. e4 Bg7 6. Be3 Nf6 7. Nc3 O-O 8.
Be2 b6 9. O-O Bb7 10. Ndb5 d6 11. Qd2 a6 12. Na3 Nd7 13. Nc2 Rc8 14. Rac1 Re8
15. b3 Ba8 16. Rfd1 Qc7 17. h4 h5 18. Bh6 Nce5 19. Nd4 Nf8 20. Bxg7 Kxg7 21.
Bxh5 e6 22. Be2 Qe7 23. Qf4 Nh7 24. Nf3 Nxf3+ 25. Bxf3 e5 26. Qg3 Nf6 27. Qg5
Bc6 28. a4 Rcd8 29. Rd3 Qb7 30. Rcd1 Qc7 31. Qd2 Re6 32. Rc1 Qb8 33. Nd5 Bxd5
34. cxd5 Re7 35. Rdc3 Rh8 36. Qg5 Rd7 37. Rc6 Rb7 38. g3 a5 39. Qd2 Nd7 40. h5
Nc5 41. Qe3 Qd8 42. hxg6 fxg6 43. Bg4 Qe7 44. Rc4 Rhb8 45. Kg2 Rc7 46. Rc1 Rxc6
47. dxc6 Qc7 48. Rh1 Rg8 49. Bd7 Nxd7 50. cxd7 Qxd7 51. Qxb6 Rf8 52. Rc1 Rf7
53. Qxa5 Qg4 54. Qb6 Qxe4+ 55. Kg1 d5 56. Qe3 Qxe3 57. fxe3 Rf3 58. a5 Rxe3 59.
Rb1 d4 60. a6 Rc3 61. a7 Rc8 62. Ra1 Ra8 63. b4 1-0

[Event "Olimpiada de Khanty-Mansiysk 2010"]
[Site "Khanty-Mansiysk RUS"]
[Date "2010.09.24"]
[Round "4"]
[White "Vuckovic, Bojan"]
[Black "Edouard, Romain"]
[Result "1/2-1/2"]
[WhiteElo "2615"]
[BlackElo "2636"]
[PlyCount "60"]
[EventDate "2010.09.21"]
[EventType "team"]
[EventRounds "11"]
[EventCountry "RUS"]
[Source "lmi"]
[SourceDate "2010.09.21"]
[WhiteTeam "SRB"]
[BlackTeam "Francia"]
[BlackTeamCountry "FRA"]

1. e4 c5 2. Nf3 d6 3. d4 cxd4 4. Nxd4 Nf6 5. Nc3 Nc6 6. Bg5 e6 7. Qd2 a6 8.
O-O-O Be7 9. f4 Nxd4 10. Qxd4 O-O 11. Bc4 b5 12. Bb3 Rb8 13. f5 Qb6 14. fxe6
Bxe6 15. Bf4 Bxb3 16. Qxb6 Rxb6 17. axb3 Rc8 18. Rd4 Rbc6 19. Rhd1 Ne8 20. R4d2
Bf8 21. Nd5 a5 22. Nc3 b4 23. Nd5 Nc7 24. Ne3 Ne8 25. Kb1 Nf6 26. Rd4 Re8 27.
Nc4 Nxe4 28. Nxd6 Nxd6 29. Bxd6 Re2 30. Bxf8 Rcxc2 1/2-1/2

[Event "Olimpiada de Khanty-Mansiysk 2010"]
[Site "Khanty-Mansiysk RUS"]
[Date "2010.09.24"]
[Round "4"]
[White "Mamedov, Rauf"]
[Black "Alvarez, Marquez Johann"]
[Result "1-0"]
[WhiteElo "2660"]
[BlackElo "2414"]
[PlyCount "55"]
[EventDate "2010.09.21"]
[EventType "team"]
[EventRounds "11"]
[EventCountry "RUS"]
[Source "lmi"]
[SourceDate "2010.09.21"]
[WhiteTeam "Azerbaiyán"]
[BlackTeam "Venezuela"]
[WhiteTeamCountry "AZE"]
[BlackTeamCountry "VEN"]

1. e4 c5 2. Nf3 Nc6 3. Bb5 g6 4. c3 Nf6 5. Qe2 Bg7 6. O-O O-O 7. Rd1 Qc7 8. d4
cxd4 9. cxd4 d5 10. e5 Ne4 11. Nc3 Nxc3 12. bxc3 Bf5 13. Nh4 Bd7 14. Ba3 Rfe8
15. Rab1 Rac8 16. f4 Na5 17. Bxd7 Qxd7 18. f5 Rc6 19. e6 fxe6 20. fxg6 h6 21.
Rf1 e5 22. Rf7 Nc4 23. Rbf1 Rf6 24. R1xf6 Bxf6 25. Qh5 Rf8 26. Nf5 Bg5 27.
Nxh6+ Bxh6 28. Rxf8+ 1-0

[Event "Olimpiada de Khanty-Mansiysk 2010"]
[Site "Khanty-Mansiysk RUS"]
[Date "2010.09.24"]
[Round "4"]
[White "Soto, Paez Oliver"]
[Black "Guseinov, Gadir"]
[Result "0-1"]
[WhiteElo "2373"]
[BlackElo "2611"]
[PlyCount "104"]
[EventDate "2010.09.21"]
[EventType "team"]
[EventRounds "11"]
[EventCountry "RUS"]
[Source "lmi"]
[SourceDate "2010.09.21"]
[WhiteTeam "Venezuela"]
[BlackTeam "Azerbaiyán"]
[WhiteTeamCountry "VEN"]
[BlackTeamCountry "AZE"]

1. e4 c5 2. Nf3 d6 3. d4 cxd4 4. Nxd4 Nf6 5. Nc3 g6 6. Be3 a6 7. f3 b5 8. a4 b4
9. Nd5 Nxd5 10. exd5 Bb7 11. Bc4 Qc7 12. Bb3 Qa5 13. Ne2 Bg7 14. Bd4 Bxd4 15.
Qxd4 O-O 16. h4 Nd7 17. h5 Qc5 18. hxg6 fxg6 19. Qd2 Rf7 20. Nf4 Qa5 21. Ne6
Nc5 22. Nxc5 Qxc5 23. O-O-O a5 24. Rde1 Raf8 25. Rh4 Rg7 26. Kb1 Rf5 27. Rc4
Qb6 28. Rce4 Qd8 29. Qd4 Rgf7 30. Qa7 Qa8 31. Qxa8+ Bxa8 32. Rxe7 Bxd5 33. g4
Rg5 34. Rxf7 Bxf7 35. Re8+ Kg7 36. Re7 d5 37. Ra7 h5 38. Kc1 h4 39. Re7 Kf6 40.
Re2 Re5 41. Rh2 g5 42. Kd2 d4 43. Bxf7 Kxf7 44. f4 Re3 45. fxg5 h3 46. Rf2+ Kg6
47. Rf8 Kxg5 48. Rd8 Re6 49. Rd5+ Kxg4 50. Rxd4+ Kg3 51. Rd3+ Kg2 52. Rd8 Rg6
0-1

[Event "Olimpiada de Khanty-Mansiysk 2010"]
[Site "Khanty-Mansiysk RUS"]
[Date "2010.09.24"]
[Round "4"]
[White "Safarli, Eltaj"]
[Black "Semerene, Dumit"]
[Result "1-0"]
[WhiteElo "2607"]
[BlackElo "2318"]
[PlyCount "63"]
[EventDate "2010.09.21"]
[EventType "team"]
[EventRounds "11"]
[EventCountry "RUS"]
[Source "lmi"]
[SourceDate "2010.09.21"]
[WhiteTeam "Azerbaiyán"]
[BlackTeam "Venezuela"]
[WhiteTeamCountry "AZE"]
[BlackTeamCountry "VEN"]

1. e4 c6 2. d4 d5 3. exd5 cxd5 4. c4 Nf6 5. Nc3 e6 6. Nf3 Be7 7. cxd5 Nxd5 8.
Bd3 Nc6 9. O-O O-O 10. Re1 Nf6 11. Bg5 b6 12. a3 Bb7 13. Bc2 Rc8 14. Qd3 g6 15.
Rad1 Nd5 16. Bh6 Re8 17. Ba4 Nxc3 18. bxc3 Qd6 19. c4 Red8 20. d5 exd5 21. cxd5
Na5 22. Qe2 Bf6 23. Ng5 Bg7 24. Bxg7 Kxg7 25. Ne6+ fxe6 26. dxe6 Qe7 27. Qe5+
Kh6 28. Rxd8 Qxd8 29. e7 Qd3 30. e8=Q Rxe8 31. Bxe8 Qxa3 32. h4 1-0

[Event "Olimpiada de Khanty-Mansiysk 2010"]
[Site "Khanty-Mansiysk RUS"]
[Date "2010.09.24"]
[Round "4"]
[White "Flores, Diego"]
[Black "Salem, A R  Saleh"]
[Result "1/2-1/2"]
[WhiteElo "2615"]
[BlackElo "2501"]
[PlyCount "37"]
[EventDate "2010.09.21"]
[EventType "team"]
[EventRounds "11"]
[EventCountry "RUS"]
[Source "lmi"]
[SourceDate "2010.09.21"]
[WhiteTeam "Argentina"]
[BlackTeam "Emiratos Arabes Unidos"]
[WhiteTeamCountry "ARG"]
[BlackTeamCountry "UAE"]

1. c4 Nf6 2. Nc3 g6 3. e4 d6 4. d4 Bg7 5. Nf3 O-O 6. Be2 Nbd7 7. O-O e5 8. Qc2
c6 9. d5 cxd5 10. cxd5 a6 11. a4 a5 12. Nd2 Ne8 13. Nc4 f5 14. exf5 gxf5 15. f4
Nb6 16. Nxb6 Qxb6+ 17. Kh1 Bd7 18. Bb5 Nf6 19. Bd2 1/2-1/2

[Event "Olimpiada de Khanty-Mansiysk 2010"]
[Site "Khanty-Mansiysk RUS"]
[Date "2010.09.24"]
[Round "4"]
[White "Lafuente, Pablo"]
[Black "Al Ali, Omar Noaman"]
[Result "1/2-1/2"]
[WhiteElo "2565"]
[BlackElo "2220"]
[PlyCount "45"]
[EventDate "2010.09.21"]
[EventType "team"]
[EventRounds "11"]
[EventCountry "RUS"]
[Source "lmi"]
[SourceDate "2010.09.21"]
[WhiteTeam "Argentina"]
[BlackTeam "Emiratos Arabes Unidos"]
[WhiteTeamCountry "ARG"]
[BlackTeamCountry "UAE"]

1. d4 d5 2. c4 e6 3. Nc3 Be7 4. Nf3 Nf6 5. Bg5 O-O 6. e3 h6 7. Bxf6 Bxf6 8. Qc2
c5 9. dxc5 Qa5 10. cxd5 exd5 11. Rd1 Qxc5 12. Bd3 Bxc3+ 13. Qxc3 Qxc3+ 14. bxc3
Nd7 15. Nd4 Nc5 16. Bc2 Be6 17. Rb1 Rfc8 18. Kd2 Kf8 19. h4 Rc7 20. f3 b6 21.
Rhc1 Nb7 22. Bd3 Bd7 23. Be2 1/2-1/2

[Event "Olimpiada de Khanty-Mansiysk 2010"]
[Site "Khanty-Mansiysk RUS"]
[Date "2010.09.24"]
[Round "4"]
[White "Abdulwahab, Marwan"]
[Black "Valerga, Diego"]
[Result "1/2-1/2"]
[WhiteElo "2089"]
[BlackElo "2508"]
[PlyCount "86"]
[EventDate "2010.09.21"]
[EventType "team"]
[EventRounds "11"]
[EventCountry "RUS"]
[Source "lmi"]
[SourceDate "2010.09.21"]
[WhiteTeam "Emiratos Arabes Unidos"]
[BlackTeam "Argentina"]
[WhiteTeamCountry "UAE"]
[BlackTeamCountry "ARG"]

1. e4 c5 2. Nf3 e6 3. d4 cxd4 4. Nxd4 Nf6 5. Nc3 d6 6. Bb5+ Nbd7 7. Qe2 Be7 8.
Be3 a6 9. Bxd7+ Bxd7 10. O-O-O Qc7 11. g4 h6 12. f4 g6 13. h3 b5 14. a3 Rc8 15.
Bd2 e5 16. fxe5 dxe5 17. Nd5 Nxd5 18. exd5 Bd6 19. Bb4 O-O 20. Nb3 f5 21. Rhe1
Rce8 22. Qe3 Kh7 23. Bxd6 Qxd6 24. gxf5 gxf5 25. Nc5 Bc8 26. h4 Rg8 27. Ne6
Bxe6 28. dxe6 Qxe6 29. Qc5 Qe7 30. Qc6 Rg6 31. Qd7 Qxd7 32. Rxd7+ Rg7 33. Rd6
f4 34. Rf6 Ree7 35. Kd2 Rg6 36. Rf5 Rd6+ 37. Kc1 Rde6 38. h5 Kg8 39. b3 Rf7 40.
Rfxe5 Rxe5 41. Rxe5 f3 42. Re1 Rf5 43. Rf1 Kf7 1/2-1/2

[Event "Olimpiada de Khanty-Mansiysk 2010"]
[Site "Khanty-Mansiysk RUS"]
[Date "2010.09.24"]
[Round "4"]
[White "Georgiev, Vladimir"]
[Black "Caruana, Fabiano"]
[Result "1/2-1/2"]
[WhiteElo "2573"]
[BlackElo "2700"]
[PlyCount "24"]
[EventDate "2010.09.21"]
[EventType "team"]
[EventRounds "11"]
[EventCountry "RUS"]
[Source "lmi"]
[SourceDate "2010.09.21"]
[WhiteTeam "MKD"]
[BlackTeam "Italia"]
[BlackTeamCountry "ITA"]

1. d4 Nf6 2. c4 c6 3. Nc3 d5 4. cxd5 cxd5 5. Bf4 Nc6 6. Nf3 a6 7. Rc1 Bf5 8.
Ne5 Rc8 9. Qa4 Bd7 10. Qd1 Bf5 11. Qa4 Bd7 12. Qd1 Bf5 1/2-1/2

[Event "Olimpiada de Khanty-Mansiysk 2010"]
[Site "Khanty-Mansiysk RUS"]
[Date "2010.09.24"]
[Round "4"]
[White "Stanojoski, Zvonko"]
[Black "Brunello, Sabino"]
[Result "0-1"]
[WhiteElo "2485"]
[BlackElo "2497"]
[PlyCount "102"]
[EventDate "2010.09.21"]
[EventType "team"]
[EventRounds "11"]
[EventCountry "RUS"]
[Source "lmi"]
[SourceDate "2010.09.21"]
[WhiteTeam "MKD"]
[BlackTeam "Italia"]
[BlackTeamCountry "ITA"]

1. c4 e5 2. g3 Nf6 3. Bg2 Nc6 4. Nc3 Bc5 5. e3 d5 6. cxd5 Nb4 7. d4 exd4 8.
exd4 Be7 9. Nge2 Bf5 10. O-O Nc2 11. g4 Bg6 12. f4 Nxg4 13. f5 Nxa1 14. fxg6
hxg6 15. h3 Nh6 16. Bxh6 Rxh6 17. Qa4+ Kf8 18. Rxa1 Bd6 19. Ne4 Qe7 20. Rf1 Rh4
21. Qc2 Re8 22. Nxd6 cxd6 23. Rf2 Kg8 24. Qd2 Qd8 25. Kf1 g5 26. Ng3 g6 27. Re2
Qf6+ 28. Kg1 Rxe2 29. Nxe2 Qe7 30. Nc3 a6 31. a4 Kg7 32. a5 f5 33. Ne2 Kf7 34.
Kf1 g4 35. hxg4 Rxg4 36. Ng1 g5 37. Nf3 Kg6 38. Bh1 Rf4 39. Bg2 Qe4 40. Kg1
Rxf3 41. Bxf3 Qxf3 42. Qb4 Qxd5 43. Qb6 f4 44. Kh2 g4 45. Qd8 g3+ 46. Kh3 Qe6+
47. Kg2 Kf5 48. Qf8+ Ke4 49. Qg7 Qd5 50. Kh3 Qh5+ 51. Kg2 Qh2+ 0-1

[Event "Olimpiada de Khanty-Mansiysk 2010"]
[Site "Khanty-Mansiysk RUS"]
[Date "2010.09.24"]
[Round "4"]
[White "Rombaldoni, Denis"]
[Black "Pancevski, Filip"]
[Result "1-0"]
[WhiteElo "2501"]
[BlackElo "2410"]
[PlyCount "101"]
[EventDate "2010.09.21"]
[EventType "team"]
[EventRounds "11"]
[EventCountry "RUS"]
[Source "lmi"]
[SourceDate "2010.09.21"]
[WhiteTeam "Italia"]
[BlackTeam "MKD"]
[WhiteTeamCountry "ITA"]

1. d4 f5 2. g3 Nf6 3. Bg2 g6 4. c4 Bg7 5. Nf3 O-O 6. b4 d6 7. Bb2 Kh8 8. Nbd2
c6 9. O-O Be6 10. b5 Bg8 11. bxc6 Nxc6 12. e3 Rc8 13. Qe2 Qe8 14. Rfc1 e5 15.
dxe5 dxe5 16. c5 e4 17. Ne1 Ne5 18. Nb3 Nfd7 19. Bd4 Qe7 20. Qb5 Bd5 21. Rc2 a6
22. Qa5 g5 23. Rd1 Qf7 24. Qb4 Nb8 25. Na5 Nbc6 26. Nxc6 Bxc6 27. Rcd2 Rce8 28.
Ba1 f4 29. Nc2 fxg3 30. hxg3 Ng4 31. Bxg7+ Qxg7 32. Qd4 Rf6 33. Nb4 Qh6 34.
Nxc6 Qh2+ 35. Kf1 bxc6 36. Re1 Ref8 37. Bxe4 Qxg3 38. Ke2 Nxf2 39. Bxc6 Qh2 40.
Rb2 Kg7 41. Kd2 g4 42. Kc3 h5 43. Rh1 Qg3 44. Rxh5 Nd1+ 45. Qxd1 Qxe3+ 46. Qd3
Qc1+ 47. Kb3 Rb8+ 48. Ka4 Rf4+ 49. Ka5 Qxb2 50. Qh7+ Kf6 51. Qh6+ 1-0

[Event "Olimpiada de Khanty-Mansiysk 2010"]
[Site "Khanty-Mansiysk RUS"]
[Date "2010.09.24"]
[Round "4"]
[White "Kasimdzhanov, Rustam"]
[Black "Ghaem, Maghami Ehsan"]
[Result "1/2-1/2"]
[WhiteElo "2685"]
[BlackElo "2594"]
[PlyCount "51"]
[EventDate "2010.09.21"]
[EventType "team"]
[EventRounds "11"]
[EventCountry "RUS"]
[Source "lmi"]
[SourceDate "2010.09.21"]
[WhiteTeam "Uzbekistán"]
[BlackTeam "Irán"]
[WhiteTeamCountry "UZB"]
[BlackTeamCountry "IRI"]

1. e4 c5 2. Nf3 e6 3. d4 cxd4 4. Nxd4 a6 5. Bd3 Nf6 6. O-O Qc7 7. Qe2 d6 8. c4
g6 9. Nc3 Bg7 10. Nf3 Nc6 11. Bf4 e5 12. Be3 Bg4 13. h3 Bxf3 14. Qxf3 O-O 15.
Qd1 Nd4 16. Qd2 Rac8 17. Rad1 Rfe8 18. f4 Ne6 19. f5 Nf4 20. Bxf4 exf4 21. Qxf4
Qc5+ 22. Kh1 Nh5 23. Qh4 Bf6 24. Qe1 Bxc3 25. bxc3 Qe5 26. Kg1 1/2-1/2

[Event "Olimpiada de Khanty-Mansiysk 2010"]
[Site "Khanty-Mansiysk RUS"]
[Date "2010.09.24"]
[Round "4"]
[White "Moradiabadi, Elshan"]
[Black "Barsov, Alexei"]
[Result "1/2-1/2"]
[WhiteElo "2578"]
[BlackElo "2509"]
[PlyCount "77"]
[EventDate "2010.09.21"]
[EventType "team"]
[EventRounds "11"]
[EventCountry "RUS"]
[Source "lmi"]
[SourceDate "2010.09.21"]
[WhiteTeam "Irán"]
[BlackTeam "Uzbekistán"]
[WhiteTeamCountry "IRI"]
[BlackTeamCountry "UZB"]

1. d4 d5 2. c4 e6 3. Nc3 Bb4 4. a3 Bxc3+ 5. bxc3 Ne7 6. e3 b6 7. cxd5 exd5 8.
Bd3 O-O 9. Qc2 h6 10. Ne2 Ba6 11. Bxa6 Nxa6 12. Qd3 Qc8 13. O-O c5 14. f3 Nc7
15. e4 Qa6 16. Qd2 Ne6 17. f4 cxd4 18. cxd4 dxe4 19. f5 Ng5 20. f6 Nd5 21. fxg7
Rfd8 22. Qe1 e3 23. Ng3 Qd3 24. Nf5 e2 25. Rf2 Kh7 26. Nxh6 Kxh6 27. h4 Kxg7
28. Bxg5 Qxd4 29. Ra2 Qd1 30. Raxe2 Qxe1+ 31. Rxe1 f6 32. Bd2 Re8 33. Ref1 Re4
34. h5 Rae8 35. Rf3 Rg4 36. R1f2 Re5 37. Rh3 Kh7 38. Kf1 Rge4 39. Kg1 1/2-1/2

[Event "Olimpiada de Khanty-Mansiysk 2010"]
[Site "Khanty-Mansiysk RUS"]
[Date "2010.09.24"]
[Round "4"]
[White "Khamrakulov, Dzhurabek"]
[Black "Mahjoob, Morteza"]
[Result "0-1"]
[WhiteElo "2485"]
[BlackElo "2529"]
[PlyCount "88"]
[EventDate "2010.09.21"]
[EventType "team"]
[EventRounds "11"]
[EventCountry "RUS"]
[Source "lmi"]
[SourceDate "2010.09.21"]
[WhiteTeam "Uzbekistán"]
[BlackTeam "Irán"]
[WhiteTeamCountry "UZB"]
[BlackTeamCountry "IRI"]

1. e4 c5 2. Nf3 e6 3. c3 d5 4. exd5 Qxd5 5. d4 Nf6 6. Na3 Nc6 7. Be3 Ng4 8. Bd3
Nxe3 9. fxe3 cxd4 10. Nb5 Qd8 11. cxd4 Be7 12. O-O O-O 13. Rc1 Qb6 14. Rf2 Nb4
15. Nc3 Nxd3 16. Qxd3 Bd7 17. Ne5 Be8 18. Qe4 Rd8 19. Rf3 Qxb2 20. Rff1 Rc8 21.
Rc2 Qb6 22. Rb1 Qa5 23. Qd3 f6 24. Nf3 Bg6 25. e4 Bb4 26. Ne2 Bd6 27. Rxb7 Rxc2
28. Qxc2 Qa6 29. Rb1 Rc8 30. Qb3 Kh8 31. Nc3 Bf4 32. Nh4 Be3+ 33. Kh1 Bxd4 34.
Nxg6+ hxg6 35. Nb5 Be5 36. Rd1 Re8 37. Qc4 Qb6 38. g3 a6 39. Nc3 Qb7 40. Na4
Rc8 41. Nc5 Qc6 42. Qxe6 Qxc5 43. Qh3+ Kg8 44. Qe6+ Kf8 0-1

[Event "Olimpiada de Khanty-Mansiysk 2010"]
[Site "Khanty-Mansiysk RUS"]
[Date "2010.09.24"]
[Round "4"]
[White "Golizadeh, Asghar"]
[Black "Kvon, Andrey"]
[Result "1/2-1/2"]
[WhiteElo "2481"]
[BlackElo "2448"]
[PlyCount "69"]
[EventDate "2010.09.21"]
[EventType "team"]
[EventRounds "11"]
[EventCountry "RUS"]
[Source "lmi"]
[SourceDate "2010.09.21"]
[WhiteTeam "Irán"]
[BlackTeam "Uzbekistán"]
[WhiteTeamCountry "IRI"]
[BlackTeamCountry "UZB"]

1. e4 g6 2. d4 Bg7 3. Nc3 d6 4. Nf3 Nf6 5. h3 O-O 6. Be3 a6 7. a4 b6 8. Bd3 Bb7
9. O-O Nc6 10. Qd2 Re8 11. Ne2 e6 12. Ng3 Nd7 13. c3 Qe7 14. Nh2 Rac8 15. Rae1
Ncb8 16. Bh6 Bxh6 17. Qxh6 Qf8 18. Qh4 c5 19. dxc5 Rxc5 20. Ng4 Qe7 21. Qh6 Nf6
22. f4 Nbd7 23. Ne3 Nh5 24. Nef5 exf5 25. Nxh5 gxh5 26. exf5 Qf8 27. Rxe8 Qxe8
28. b4 Rxc3 29. f6 Nxf6 30. Qg5+ Kf8 31. Qh6+ Kg8 32. Qg5+ Kf8 33. Qh6+ Kg8 34.
Qg5+ Kf8 35. Qh6+ 1/2-1/2